[Event "Titled Tuesday intern op 04th Jun Early"]
[Site "Chess.com INT"]
[Date "2024.06.04"]
[Round "9"]
[White "Sargissyan, Sargis"]
[Black "Vincenti, Leonardo"]
[Result "1-0"]
[WhiteElo "2231"]
[BlackElo "2166"]
[PlyCount "49"]
[EventDate "2024.06.04"]
[EventType "swiss (blitz)"]
[EventRounds "11"]
[EventCountry "USA"]
[SourceTitle "EXT 2025"]
[Source "ChessBase"]
[SourceDate "2024.10.14"]
[SourceVersion "1"]
[SourceVersionDate "2024.10.14"]
[SourceQuality "1"]

1. e4 e5 2. Nf3 Nc6 3. Bb5 Nf6 4. d3 d6 5. 0-0 g6 6. c3 Bg7 7. d4 0-0 8. Re1 a6 9. Bxc6 bxc6 10. dxe5 dxe5 11. Qxd8 Rxd8 12. Bg5 Rb8 13. Na3 Rxb2 14. Nc4 Rc2 15. Nfxe5 Rxc3 16. Nxc6 Re8 17. e5 Nd5 18. Rac1 Bd7 19. Ne7+ Rxe7 20. Rxc3 Nxc3 21. Bxe7 Nxa2 22. Rd1 Be6 23. Rd8+ Bf8 24. Bxf8 Bxc4 25. Bh6# 1-0

[Event "Titled Tuesday intern op 21st May Early"]
[Site "Chess.com INT"]
[Date "2024.05.21"]
[Round "1"]
[White "Garcia Ramos, Daniel"]
[Black "Sargissyan, Sargis"]
[Result "0-1"]
[WhiteElo "2406"]
[BlackElo "2231"]
[PlyCount "78"]
[EventDate "2024.05.21"]
[EventType "swiss (blitz)"]
[EventRounds "11"]
[EventCountry "USA"]
[SourceTitle "CBM 220 Extra"]
[Source "ChessBase"]
[SourceDate "2024.07.31"]
[SourceVersion "1"]
[SourceVersionDate "2024.07.31"]
[SourceQuality "1"]

1. e4 e5 2. Nc3 Nf6 3. g3 d5 4. exd5 Nxd5 5. Bg2 Nxc3 6. bxc3 Bd6 7. Nf3 0-0 8. 0-0 Nc6 9. Rb1 Rb8 10. d4 Bg4 11. h3 Bh5 12. Re1 Re8 13. g4 Bg6 14. Be3 exd4 15. cxd4 Nb4 16. Rb2 Nd5 17. c4 Nxe3 18. fxe3 c5 19. Rd2 Qc7 20. Qb3 Rbd8 21. Red1 b6 22. Nh4 cxd4 23. exd4 Bf4 24. Rb2 Be3+ 25. Kh1 Rxd4 26. Nxg6 hxg6 27. Rxd4 Bxd4 28. Rb1 Re2 29. Qd3 Qe5 30. Rf1 Re1 31. Bd5 Rxf1+ 32. Qxf1 Qe7 33. Kg2 Bc5 34. Qf4 g5 35. Qf5 Qe2+ 36. Kh1 Qe1+ 37. Kg2 Qg1+ 38. Kf3 Qf2+ 39. Ke4 Qe3# 0-1

[Event "Titled Tuesday intern op 21st May Early"]
[Site "Chess.com INT"]
[Date "2024.05.21"]
[Round "7"]
[White "Rohwer, Paul"]
[Black "Sargissyan, Sargis"]
[Result "1-0"]
[WhiteElo "2225"]
[BlackElo "2231"]
[PlyCount "137"]
[EventDate "2024.05.21"]
[EventType "swiss (blitz)"]
[EventRounds "11"]
[EventCountry "USA"]
[SourceTitle "CBM 220 Extra"]
[Source "ChessBase"]
[SourceDate "2024.07.31"]
[SourceVersion "1"]
[SourceVersionDate "2024.07.31"]
[SourceQuality "1"]

1. e4 c5 2. f4 d5 3. exd5 Qxd5 4. Nc3 Qd8 5. Nf3 Nf6 6. Bc4 Nc6 7. 0-0 Bg4 8. Be2 e6 9. h3 Bxf3 10. Bxf3 Qd7 11. d3 Be7 12. Be3 0-0 13. a3 Nd4 14. Ne4 Nd5 15. Bd2 Rac8 16. c3 Nxf3+ 17. Qxf3 Rfd8 18. Rad1 Nf6 19. Bc1 Qb5 20. c4 Qb3 21. Nc3 Rd7 22. g4 Rcd8 23. g5 Ne8 24. f5 exf5 25. Qxf5 Bf8 26. Nd5 Nc7 27. Nc3 Ne6 28. Kh1 Nd4 29. Qg4 Qb6 30. Nd5 Qc6 31. Qg2 Rxd5 32. cxd5 Rxd5 33. Be3 Nf5 34. Bf4 g6 35. Rfe1 Qd7 36. Qf3 Bd6 37. Bxd6 Rxd6 38. Re5 c4 39. d4 Rxd4 40. Rxd4 Qxd4 41. Re8+ Kg7 42. Qc3 Qxc3 43. bxc3 h6 44. gxh6+ Kxh6 45. Kg2 Kg5 46. Kf3 Kh4 47. Rf8 Nd6 48. Rd8 Nf5 49. Rf8 Nd6 50. Rd8 Nf5 51. Rd7 f6 52. Rxb7 Kg5 53. Rxa7 Nh4+ 54. Kg3 Nf5+ 55. Kf3 Nh4+ 56. Kf2 Kf4 57. Rc7 g5 58. Rxc4+ Ke5 59. Rxh4 gxh4 60. Ke3 Kd5 61. Kf4 Kc4 62. Kf5 Kxc3 63. Kxf6 Kb3 64. Kg5 Kxa3 65. Kxh4 Kb4 66. Kg5 Kc5 67. Kg6 Kd6 68. h4 Ke7 69. Kg7 1-0

[Event "Titled Tuesday intern op 21st May Early"]
[Site "Chess.com INT"]
[Date "2024.05.21"]
[Round "8"]
[White "Sargissyan, Sargis"]
[Black "Caku, Kler"]
[Result "1-0"]
[WhiteElo "2231"]
[BlackElo "1787"]
[PlyCount "77"]
[EventDate "2024.05.21"]
[EventType "swiss (blitz)"]
[EventRounds "11"]
[EventCountry "USA"]
[SourceTitle "CBM 220 Extra"]
[Source "ChessBase"]
[SourceDate "2024.07.31"]
[SourceVersion "1"]
[SourceVersionDate "2024.07.31"]
[SourceQuality "1"]

1. c4 e5 2. Nc3 Nf6 3. Nf3 Nc6 4. e4 d6 5. d3 Be7 6. g3 0-0 7. Bg2 h6 8. 0-0 Nh7 9. d4 exd4 10. Nxd4 Nxd4 11. Qxd4 Bf6 12. Qd3 Re8 13. f4 Bd7 14. Be3 Bc6 15. Bd4 Bxd4+ 16. Qxd4 Nf6 17. Qd3 Qe7 18. Rae1 Rad8 19. b4 b6 20. Rf2 Ng4 21. Rfe2 Nf6 22. Nd5 Bxd5 23. cxd5 Qd7 24. Rc1 Re7 25. Rec2 Qa4 26. Rxc7 Rxc7 27. Rxc7 Qxb4 28. h3 Re8 29. e5 dxe5 30. fxe5 Rxe5 31. d6 Qe1+ 32. Kh2 Re3 33. Rc8+ Ne8 34. Qxe3 Qxe3 35. d7 Kh7 36. dxe8Q Qf2 37. Qe4+ g6 38. Qe5 f6 39. Qe7# 1-0

[Event "Titled Tuesday intern op 21st May Early"]
[Site "Chess.com INT"]
[Date "2024.05.21"]
[Round "5"]
[White "Sargissyan, Sargis"]
[Black "Vincenti, Leonardo"]
[Result "0-1"]
[WhiteElo "2231"]
[BlackElo "2242"]
[PlyCount "44"]
[EventDate "2024.05.21"]
[EventType "swiss (blitz)"]
[EventRounds "11"]
[EventCountry "USA"]
[SourceTitle "CBM 220 Extra"]
[Source "ChessBase"]
[SourceDate "2024.07.31"]
[SourceVersion "1"]
[SourceVersionDate "2024.07.31"]
[SourceQuality "1"]

1. e4 c5 2. Nf3 d6 3. d4 cxd4 4. Nxd4 Nf6 5. Nc3 a6 6. f4 e5 7. Nf3 Nc6 8. fxe5 dxe5 9. Qxd8+ Kxd8 10. Bc4 Bb4 11. Ng5 Ke7 12. 0-0 h6 13. Nxf7 Rf8 14. Nd5+ Nxd5 15. Bxd5 Be6 16. Bxh6 gxh6 17. Nxh6 Bc5+ 18. Kh1 Nd4 19. c3 Ne2 20. Bxe6 Kxe6 21. Nf5 Rh8 22. Rae1 Rxh2+ 0-1

[Event "Titled Tuesday intern op 21st May Early"]
[Site "Chess.com INT"]
[Date "2024.05.21"]
[Round "11"]
[White "Zaksaite, Salomeja"]
[Black "Sargissyan, Sargis"]
[Result "0-1"]
[WhiteElo "2210"]
[BlackElo "2231"]
[PlyCount "60"]
[EventDate "2024.05.21"]
[EventType "swiss (blitz)"]
[EventRounds "11"]
[EventCountry "USA"]
[SourceTitle "CBM 220 Extra"]
[Source "ChessBase"]
[SourceDate "2024.07.31"]
[SourceVersion "1"]
[SourceVersionDate "2024.07.31"]
[SourceQuality "1"]

1. e4 e5 2. Nf3 Nc6 3. d4 exd4 4. Nxd4 Bc5 5. Be3 Qf6 6. c3 Nge7 7. Be2 0-0 8. 0-0 d5 9. Nd2 Bb6 10. Qc2 Nxd4 11. cxd4 Bxd4 12. Qxc7 Be5 13. Qc2 d4 14. f4 dxe3 15. fxe5 Qxe5 16. Nf3 Qa5 17. a3 Be6 18. b4 Qb6 19. Rae1 Rac8 20. Qb2 Ng6 21. Nd4 Rfd8 22. Nxe6 Qxe6 23. Bf3 Qb6 24. Kh1 Rd2 25. Qb3 Ne5 26. Rxe3 Qd4 27. Ree1 Nd3 28. Be2 Nf2+ 29. Rxf2 Qxf2 30. Rf1 Rxe2 0-1